|
|
|
|
| LEADER |
00710cam a2200181 7i4500 |
| 001 |
0000045217 |
| 005 |
20170218090000.0 |
| 020 |
|
|
|a 9789812459367 (pbk.)
|
| 090 |
0 |
0 |
|a NC730
|b .R89 2010
|
| 100 |
0 |
|
|a Ruzaimi Mat Rani
|
| 245 |
1 |
0 |
|a Drawing masterclass
|c Ruzaimi Mat Rani, Ezihaslinda Ngah ; illustrators, Ruzaimi Mat Rani, Mohd. Irwan Mohd. Ishak.
|
| 260 |
|
|
|a Kaki Bukit Techpark II, Singapore:
|b Page One Pub.,
|c 2010.
|
| 300 |
|
|
|a 228 p.:
|b ill. col.;
|c 26 cm.
|
| 650 |
0 |
0 |
|a Drawing --
|x Technique
|
| 700 |
0 |
|
|a Ezihaslinda Ngah
|
| 700 |
0 |
|
|a Mohd. Irwan Mohd. Ishak
|
| 997 |
|
|
|a Communication, Visual Art & Computing, Faculty
|b Visual Art, Department
|
| 999 |
|
|
|a 0000052367
|b BOK
|c OPEN SHELF
|e 1st Floor, Bestari Jaya
|